|
|
|
|
| LEADER |
05518nam a2200697 4500 |
| 001 |
ocn915560735 |
| 003 |
OCoLC |
| 005 |
20170124065939.4 |
| 006 |
m o d |
| 007 |
cr cnu---unuuu |
| 008 |
150804s2015 nju ob 101 0 eng d |
| 040 |
|
|
|a N$T
|b eng
|e rda
|e pn
|c N$T
|d N$T
|d OCLCO
|d EBLCP
|d IDEBK
|d RECBK
|d DG1
|d YDXCP
|d OCLCF
|d OCLCO
|d CDX
|d COO
|d DEBSZ
|d OCLCQ
|d OHI
|d OCLCO
|d DEBBG
|d OCLCQ
|d KSU
|d OCLCQ
|d GrThAP
|
| 019 |
|
|
|a 916530065
|a 959872591
|
| 020 |
|
|
|a 9781119179870
|q electronic bk.
|
| 020 |
|
|
|a 1119179874
|q electronic bk.
|
| 020 |
|
|
|a 9781119179856
|q electronic bk.
|
| 020 |
|
|
|a 1119179858
|q electronic bk.
|
| 020 |
|
|
|z 9781119179849
|
| 020 |
|
|
|z 111917984X
|
| 020 |
|
|
|z 1119179866
|
| 020 |
|
|
|a 9781119179863
|
| 020 |
|
|
|a 1119179866
|
| 029 |
1 |
|
|a AU@
|b 000056112535
|
| 029 |
1 |
|
|a DEBSZ
|b 453333168
|
| 029 |
1 |
|
|a DEBBG
|b BV043397966
|
| 035 |
|
|
|a (OCoLC)915560735
|z (OCoLC)916530065
|z (OCoLC)959872591
|
| 037 |
|
|
|a 818887
|b MIL
|
| 050 |
|
4 |
|a TA170
|b .E54 2015
|
| 072 |
|
7 |
|a TEC
|x 010000
|2 bisacsh
|
| 082 |
0 |
4 |
|a 628
|2 23
|
| 049 |
|
|
|a MAIN
|
| 245 |
0 |
0 |
|a Engineering solutions for sustainability :
|b materials and resources II /
|c edited by Jeffrey W. Fergus, Brajendra Mishra, Dayan Anderson, Emily Allyn Sarver, Neale R. Neelameggham.
|
| 264 |
|
1 |
|a Hoboken, NJ :
|b Wiley,
|c [2015]
|
| 264 |
|
4 |
|c ©2015
|
| 300 |
|
|
|a 1 online resource
|
| 336 |
|
|
|a text
|b txt
|2 rdacontent
|
| 337 |
|
|
|a computer
|b c
|2 rdamedia
|
| 338 |
|
|
|a online resource
|b cr
|2 rdacarrier
|
| 588 |
0 |
|
|a Online resource; title from PDF title page (EBSCO, viewed August 5, 2015)
|
| 500 |
|
|
|a "Hosted at the TMS 2015 annual meeting, Orlando, Florida, USA, March 18-19, 2015"--t.p.
|
| 504 |
|
|
|a Includes bibliographical references and index.
|
| 505 |
0 |
|
|a Title page; Copyright; Preface; I Plenary Synthesis; ENGINEERING AND PRODUCING A SUSTAINABLE MATERIAL SUPPLY: CHALLENGES AND OPPORTUNITIES; Introduction; Enabling Change for a Sustainable Future; Innovations and Policies for Sustainable Development; Summary of Proceedings Articles; Notes; II Materials Resources; STAINSUABLE DEVELOPMENT AND THE MINERALS INDUSTRY; Abstract; Introduction; Sustainable Development and Mining; Commitment to Sustainable Development in the Mining Industry; Mining Life Cycle Framework for Sustainable Development; A Vision for the Future; References
|
| 505 |
8 |
|
|a GLOBAL SUSTAINABILITY OF RARE EARTH METALS AND COMPOUNDSAbstract; Introduction; References:; DEVELOPMENT ON COPPER SMELTERS IN CHINA TODAY; Abstract; Introduction on Chinese and World's Cu Production in Recent Years; Technology Level and CAPEX for New Copper Smelter in China; Commissoned in Recent Years; Future Copper Smelter Capacity in China; Development on Chinese and World's Copper Scraps Recovery Technology; CONCLUSION; REFERENCES; ENERGY-EFFICIENT SUSTAINABLE PROCESSES BY ""THIOMETALLURGY""; Extended Abstract; Acknowledgment; References
|
| 505 |
8 |
|
|a PRODUCTION OF (Mn,Fe)-CARBIDE CONTAINING LOW PHOSPHORUS BY CARBOTHERMIC REDUCTION OF Mn OXIDE AND Fe OXIDEAbstract; Introduction; Experimental; Results and Discussion; Conclusions; References; PILOT-SCALE DECHLORINATION OF CuCl RESIDUE FROM ZINC HYDROMETALLURGY BY MICROWAVE ROASTING; Introduction; 1 Experimental; Results and Discussion; Conclusions; Acknowledgements; References; OPTIMIZATION OF PROCESSING CONDITIONS LEADING TO DANGEROUS EMISSIONS IN STEELMAKING PLANTS; Abstract; Introduction; Experimental procedure; Results and discussion; Conclusions; References
|
| 505 |
8 |
|
|a TWINS EVOLUTION DURING THE RECRYSTALLIZATION INDUCED BY ELECTRIC CURRENT PULSES IN A Cu-Zn ALLOYAbstract; Introduction; Experimental process; Results and discussion; Conclusion; Acknowledgement; References; REACTION BETWEEN CARBONACEOUS MATERIALS CONTAINING HDPE AND STEEL-MAKING SLAG; Abstract; Introduction; Experimental; Experimental results and discussion; Conclusions; References; DEVELOPING ALTERNATIVE INDUSTRIAL MATERIALS FROM MINING WASTE; Abstract; Introduction; Experimental procedure; Results and discussion; Conclusions; Acknowledgements; References; PREPARATION OF BLOCKS FROM TAILINGS
|
| 505 |
8 |
|
|a AbstractIntroduction; Experimental Procedure; Results; Conclusions; References; INFLUENCE OF THE CONTENT OF DIMENSION STONES SOLID WASTE IN THE PHYSICAL AND MECHANICAL BEHAVIOR OF STRUCTURAL CERAMICS; Abstract; Introduction; Materials and methods; Results and discussion; Conclusions; Acknowledgment; References; III Materials Selection; AN INTERACTIVE AND VISUAL TOOL FOR SUSTAINABLE USE OF MATERIALS IN ENGINEERING DESIGN; Abstract; 1 Introduction and Background to the Software; 2 The CES EduPack and CES Selector Visualization and Selection Tools; 3 How to Use Property Audits
|
| 650 |
|
0 |
|a Sustainable engineering
|v Congresses.
|
| 650 |
|
0 |
|a Environmental engineering
|v Congresses.
|
| 650 |
|
7 |
|a TECHNOLOGY & ENGINEERING / Environmental / General
|2 bisacsh
|
| 650 |
|
7 |
|a Environmental engineering.
|2 fast
|0 (OCoLC)fst00912934
|
| 650 |
|
7 |
|a Sustainable engineering.
|2 fast
|0 (OCoLC)fst01739808
|
| 655 |
|
4 |
|a Electronic books.
|
| 655 |
|
7 |
|a Conference papers and proceedings.
|2 fast
|0 (OCoLC)fst01423772
|
| 700 |
1 |
|
|a Fergus, Jeffrey Wayne,
|e editor.
|
| 700 |
1 |
|
|a Mishra, Brajendra,
|e editor.
|
| 700 |
1 |
|
|a Anderson, Dayan,
|e editor.
|
| 700 |
1 |
|
|a Sarver, Emily Allyn,
|e editor.
|
| 700 |
1 |
|
|a Neelameggham, Neal R.
|q (Neal Ramaswami),
|e editor.
|
| 776 |
0 |
8 |
|i Erscheint auch als:
|n Druck-Ausgabe
|
| 856 |
4 |
0 |
|u https://doi.org/10.1002/9781119179856
|z Full Text via HEAL-Link
|
| 994 |
|
|
|a 92
|b DG1
|